[Event "POL-chT U20 1st League"]
[Site "Chotowa"]
[Date "2025.06.18"]
[Round "5.17"]
[White "Debowska, Olga"]
[Black "Chmielek, Kamelia"]
[Result "1/2-1/2"]
[WhiteElo "1817"]
[BlackElo "1926"]
[PlyCount "146"]
[EventDate "2025.06.14"]
[EventType "team-swiss"]
[EventRounds "9"]
[EventCountry "POL"]
[SourceTitle "CB26_2025"]
[SourceDate "2025.06.25"]
[SourceVersion "1"]
[SourceVersionDate "2025.06.25"]
[SourceQuality "1"]
[WhiteTeam "Wieliczka MOS"]
[BlackTeam "Myślenice"]
[WhiteTeamCountry "POL"]
[BlackTeamCountry "POL"]

1. c4 e6 2. d4 d5 3. e3 a6 4. Nc3 dxc4 5. Bxc4 b5 6. Bb3 Bb7 7. Nf3 Nf6 8. 0-0 c5 9. dxc5 Nbd7 10. Bc2 Nxc5 11. b3 Be7 12. Bb2 0-0 13. Qxd8 Rfxd8 14. Rfd1 Rac8 15. Rxd8+ Bxd8 16. Rc1 Ba5 17. a3 Bd8 18. Nd2 Be7 19. b4 Ncd7 20. Bd3 Nb6 21. Be2 Kf8 22. Nb3 Nfd5 23. Na5 Ba8 24. Nb3 Nxc3 25. Rxc3 Rxc3 26. Bxc3 Nd7 27. Kf1 f6 28. Bg4 f5 29. Bd1 e5 30. Bc2 g6 31. f3 Kf7 32. Ke2 Ke6 33. Kd2 Bd5 34. Kd1 Nb6 35. Nd2 Kd6 36. Bb2 Bg5 37. Ke2 Bd8 38. Bd3 Bc7 39. Bc2 Bb8 40. Bd3 Bc7 41. Bc2 Nc4 42. Nxc4+ Bxc4+ 43. Bd3 Bb3 44. Kd2 Bd5 45. e4 Be6 46. h3 f4 47. Be2 Ke7 48. Ke1 Kf6 49. Kf1 Bb6 50. a4 Bd7 51. axb5 axb5 52. Bc3 Be3 53. Bd3 h6 54. Be2 Bb6 55. Bd3 Ke6 56. Ke2 Bc7 57. Bb2 Kd6 58. Bc3 g5 59. Kf1 Kc6 60. Ke2 Be6 61. Kf1 Bd6 62. Be2 h5 63. Be1 Bc4 64. Bc3 Bc7 65. Be1 Bb6 66. Bc3 Kd6 67. Be1 Bd4 68. Bd2 Kc6 69. Be1 Kb6 70. Bd2 Be6 71. Be1 Kc6 72. Bd2 Bd7 73. Be1 Kb6 1/2-1/2

[Event "POL-chT U20 1st League"]
[Site "Chotowa"]
[Date "2025.06.14"]
[Round "1.23"]
[White "Banasiak, Adrianna"]
[Black "Chmielek, Kamelia"]
[Result "1/2-1/2"]
[WhiteElo "1784"]
[BlackElo "1926"]
[PlyCount "117"]
[EventDate "2025.06.14"]
[EventType "team-swiss"]
[EventRounds "9"]
[EventCountry "POL"]
[SourceTitle "CB26_2025"]
[SourceDate "2025.06.25"]
[SourceVersion "1"]
[SourceVersionDate "2025.06.25"]
[SourceQuality "1"]
[WhiteTeam "Bełchatow Jedynka"]
[BlackTeam "Myślenice"]
[WhiteTeamCountry "POL"]
[BlackTeamCountry "POL"]

1. e4 c5 2. Nf3 e6 3. d4 cxd4 4. Nxd4 Nc6 5. Nc3 a6 6. Nxc6 bxc6 7. e5 Qc7 8. Qd4 Rb8 9. a3 d5 10. exd6 Qxd6 11. Qxd6 Bxd6 12. Ne4 Be5 13. Rb1 a5 14. Bc4 Ne7 15. 0-0 Nd5 16. Bb3 Ba6 17. Re1 Bc7 18. Nc5 Bc8 19. Ba4 Ne7 20. Bd2 0-0 21. c4 e5 22. Bc3 f6 23. Rbd1 Rd8 24. Rxd8+ Bxd8 25. Nb3 Ra8 26. f4 exf4 27. Bxa5 Bxa5 28. Rxe7 Kf8 29. Bxc6 Bb6+ 30. c5 Kxe7 31. Bxa8 Ba7 32. Bd5 Bf5 33. Kf1 Bc2 34. Ke2 Bxb3 35. Bxb3 Bxc5 36. Bc2 h6 37. Be4 Kd6 38. Kd3 Bg1 39. h3 Kc5 40. b4+ Kb5 41. Kc2 Kc4 42. Bd3+ Kd5 43. a4 Bf2 44. Kd2 Be3+ 45. Ke2 Bc1 46. a5 Bb2 47. b5 Bc3 48. a6 Bd4 49. Kf3 g5 50. Kg4 Kd6 51. Kh5 Kc7 52. Be4 Kb6 53. Bc6 Ka7 54. Kxh6 Kb6 55. Kh5 Ka7 56. Kg4 Be5 57. h4 gxh4 58. Kxh4 Kb6 59. Kg4 1/2-1/2

[Event "Polanica Zdroj op 60th"]
[Site "Polanica Zdroj"]
[Date "2024.08.19"]
[Round "3"]
[White "Marin Aso, Jose Luis"]
[Black "Chmielek, Kamelia"]
[Result "0-1"]
[WhiteElo "1935"]
[BlackElo "1974"]
[PlyCount "80"]
[EventDate "2024.08.17"]
[EventType "swiss"]
[EventRounds "9"]
[EventCountry "POL"]
[SourceTitle "CBM 221 Extra"]
[Source "ChessBase"]
[SourceDate "2024.09.30"]
[SourceVersion "1"]
[SourceVersionDate "2024.09.30"]
[SourceQuality "1"]

1. c4 c5 2. Nc3 Nc6 3. g3 g6 4. Bg2 Bg7 5. a3 e6 6. b4 cxb4 7. axb4 Nxb4 8. Ba3 Bxc3 9. dxc3 Nc6 10. h4 h5 11. Nh3 f6 12. Nf4 Kf7 13. Qc2 Ne5 14. Rd1 Ne7 15. Bd6 Rg8 16. 0-0 Nxc4 17. Nxh5 Nxd6 18. Rxd6 Nf5 19. Rd2 gxh5 20. Bf3 Rh8 21. Rfd1 Qc7 22. Qa4 Ne7 23. Qb5 Qe5 24. Qb3 Rb8 25. Rd4 b5 26. Re4 Qc5 27. Red4 d5 28. e4 Bb7 29. Qc2 dxe4 30. Bxe4 Bxe4 31. Qxe4 Qxc3 32. Rd6 Qc4 33. R1d4 Qc1+ 34. Rd1 Qc8 35. Rd7 a5 36. R1d6 Qc4 37. Rd4 Qc5 38. R4d6 Qe5 39. Qd3 f5 40. Ra7 Qe1+ 0-1